[Event "178th Stay Safe Play From Home series"]
[Site "T#646379Emanuel Laske"]
[Date "2020.05.27"]
[Round "4"]
[White "NeatFox"]
[Black "Weltszmerc"]
[Result "0-1"]
[WhiteElo "1855"]
[BlackElo "2068"]
[Annotator "RC"]
[PlyCount "76"]
[EventDate "2020.05.27"]
[EventType "swiss (blitz)"]

1. g4 {[%emt 0:00:03]} Nf6 {[%emt 0:00:00]} 2. Bg2 {[%emt 0:00:00]} Nxg4 {[%emt 0:00:01]} 3. c4 {[%emt 0:00:00]} Nf6 {[%emt 0:00:01]} 4. Qb3 {[%emt 0:00:00]} c6 {[%emt 0:00:00]} 5. d4 {[%emt 0:00:01]} d5 {[%emt 0:00:00]} 6. cxd5 {[%emt 0:00:01]} Nxd5 {[%emt 0:00:00]} 7. Nc3 {[%emt 0:00:01]} Nxc3 {[%emt 0:00:01]} 8. bxc3 {[%emt 0:00:00]} e6 {[%emt 0:00:01]} 9. Nf3 {[%emt 0:00:01]} Nd7 {[%emt 0:00:00]} 10. h4 {[%emt 0:00:01]} Nf6 {[%emt 0:00:01]} 11. Rg1 {[%emt 0:00:01]} Qb6 {[%emt 0:00:03]} 12. Qc2 {[%emt 0:00:02]} Bd7 {[%emt 0:00:01]} 13. Be3 {[%emt 0:00:03]} Nd5 {[%emt 0:00:01]} 14. Bd2 {[%emt 0:00:02]} Ba3 {[%emt 0:00:03]} 15. e4 {[%emt 0:00:01]} Nf6 {[%emt 0:00:03]} 16. Rb1 {[%emt 0:00:02]} Qa5 {[%emt 0:00:02]} 17. c4 {[%emt 0:00:02]} Qc7 {[%emt 0:00:02]} 18. e5 {[%emt 0:00:04]} Ng8 {[%emt 0:00:01]} 19. Ng5 {[%emt 0:00:01]} g6 {[%emt 0:00:01]} 20. Ne4 {[%emt 0:00:02]} Be7 {[%emt 0:00:01]} 21. Bg5 {[%emt 0:00:03]} h6 {[%emt 0:00:02]} 22. Bxe7 {[%emt 0:00:01]} Nxe7 {[%emt 0:00:00]} 23. Nf6+ {[%emt 0:00:01]} Kf8 {[%emt 0:00:00]} 24. h5 {[%emt 0:00:03]} g5 {[%emt 0:00:01]} 25. Be4 {[%emt 0:00:03]} Nf5 {[%emt 0:00:02]} 26. Bxf5 {[%emt 0:00:01]} exf5 {[%emt 0:00:00]} 27. Nxd7+ {[%emt 0:00:01]} Qxd7 {[%emt 0:00:00]} 28. Qc3 {[%emt 0:00:07]} Re8 {[%emt 0:00:02]} 29. Rd1 {[%emt 0:00:01]} c5 {[%emt 0:00:01]} 30. d5 {[%emt 0:00:03]} Qe7 {[%emt 0:00:01]} 31. f4 {[%emt 0:00:02]} gxf4 {[%emt 0:00:02]} 32. e6 {[%emt 0:00:02]} Qh4+ {[%emt 0:00:03]} 33. Kd2 {[%emt 0:00:02]} Qf2+ {[%emt 0:00:04]} 34. Kc1 {[%emt 0:00:01]} Qe3+ {[%emt 0:00:01]} 35. Kb2 {[%emt 0:00:01]} Qxc3+ {[%emt 0:00:01]} 36. Kxc3 {[%emt 0:00:00]} fxe6 {[%emt 0:00:00]} 37. dxe6 {[%emt 0:00:00]} Rxe6 {[%emt 0:00:00]} 38. Rd7 {[%emt 0:00:01]} Re7 {[%emt 0:00:01] Zeit (Lag: Av=0.80s, max=1.2s)} 0-1

[Event "178th Stay Safe Play From Home series"]
[Site "T#646379Emanuel Laske"]
[Date "2020.05.27"]
[Round "4"]
[White "Haris kollari 13"]
[Black "Fischer_11"]
[Result "0-1"]
[WhiteElo "1623"]
[BlackElo "1942"]
[Annotator "NA"]
[PlyCount "60"]
[EventDate "2020.05.27"]
[EventType "swiss (blitz)"]

1. e4 {[%emt 0:00:01]} Nf6 {[%emt 0:00:02]} 2. e5 {[%emt 0:00:02]} Nd5 {[%emt 0:00:00]} 3. c4 {[%emt 0:00:01]} Nb6 {[%emt 0:00:01]} 4. d4 {[%emt 0:00:00]} d6 {[%emt 0:00:00]} 5. f4 {[%emt 0:00:00]} dxe5 {[%emt 0:00:00]} 6. fxe5 {[%emt 0:00:01]} Nc6 {[%emt 0:00:00]} 7. Nf3 {[%emt 0:00:01]} Bg4 {[%emt 0:00:01]} 8. Be3 {[%emt 0:00:01]} e6 {[%emt 0:00:00]} 9. Be2 {[%emt 0:00:01]} Bxf3 {[%emt 0:00:05]} 10. Bxf3 {[%emt 0:00:01]} Nxc4 {[%emt 0:00:01]} 11. Bf2 {[%emt 0:00:03]} Bb4+ {[%emt 0:00:05]} 12. Nc3 {[%emt 0:00:02]} Nxb2 {[%emt 0:00:00]} 13. Qc2 {[%emt 0:00:05]} Nc4 {[%emt 0:00:01]} 14. Qb3 {[%emt 0:00:01]} N4a5 {[%emt 0:00:04]} 15. Bxc6+ {[%emt 0:00:02]} Nxc6 {[%emt 0:00:01]} 16. O-O {[%emt 0:00:02]} O-O {[%emt 0:00:03]} 17. a3 {[%emt 0:00:04]} Bxc3 {[%emt 0:00:01]} 18. Qxc3 {[%emt 0:00:01]} Qd5 {[%emt 0:00:00]} 19. Rab1 {[%emt 0:00:01]} b6 {[%emt 0:00:02]} 20. Rfc1 {[%emt 0:00:01]} Na5 {[%emt 0:00:04]} 21. Qxc7 {[%emt 0:00:01]} h6 {[%emt 0:00:02]} 22. Qc3 {[%emt 0:00:03]} Rfd8 {[%emt 0:00:02]} 23. Qd3 {[%emt 0:00:04]} Rac8 {[%emt 0:00:03]} 24. Rb5 {[%emt 0:00:02]} Rxc1+ {[%emt 0:00:02]} 25. Be1 {[%emt 0:00:01]} Rxe1+ {[%emt 0:00:01]} 26. Kf2 {[%emt 0:00:00]} Qe4 {[%emt 0:00:01]} 27. Qxe4 {[%emt 0:00:05]} Rxe4 {[%emt 0:00:00]} 28. d5 {[%emt 0:00:01]} Rxe5 {[%emt 0:00:01]} 29. dxe6 {[%emt 0:00:01]} Rxb5 {[%emt 0:00:01]} 30. e7 {[%emt 0:00:00]} Re8 {[%emt 0:00:01] Haris kollari 13 resigns (Lag: Av=0.32s, max=0.5s)} 0-1

[Event "178th Stay Safe Play From Home series"]
[Site "T#646379Emanuel Laske"]
[Date "2020.05.27"]
[Round "4"]
[White "Trotsky"]
[Black "Tunca"]
[Result "1-0"]
[WhiteElo "1540"]
[BlackElo "1846"]
[Annotator "NA"]
[PlyCount "33"]
[EventDate "2020.05.27"]
[EventType "swiss (blitz)"]

1. d4 {[%emt 0:00:01]} d6 {[%emt 0:00:00]} 2. e3 {[%emt 0:00:01]} g6 {[%emt 0:00:01]} 3. c4 {[%emt 0:00:01]} Bg7 {[%emt 0:00:00]} 4. Nc3 {[%emt 0:00:01]} Nd7 {[%emt 0:00:02]} 5. Qc2 {[%emt 0:00:01]} Ngf6 {[%emt 0:00:00]} 6. Nf3 {[%emt 0:00:01]} O-O {[%emt 0:00:00]} 7. Bd3 {[%emt 0:00:01]} c5 {[%emt 0:00:01]} 8. Bd2 {[%emt 0:00:03]} Re8 {[%emt 0:00:01]} 9. O-O-O {[%emt 0:00:01]} a6 {[%emt 0:00:03]} 10. Ng5 {[%emt 0:00:01]} Rb8 {[%emt 0:00:03]} 11. h4 {[%emt 0:00:01]} b5 {[%emt 0:00:03]} 12. h5 {[%emt 0:00:01]} bxc4 {[%emt 0:00:01]} 13. hxg6 {[%emt 0:00:01]} hxg6 {[%emt 0:00:01]} 14. Bxg6 {[%emt 0:00:01]} fxg6 {[%emt 0:00:01]} 15. Qxg6 {[%emt 0:00:01]} Rf8 {[%emt 0:00:09]} 16. Ne6 {[%emt 0:00:01]} Qe8 {[%emt 0:00:01]} 17. Qxg7# {[%emt 0:00:01] (Lag: Av=0.32s, max=0.4s)} 1-0

[Event "178th Stay Safe Play From Home series"]
[Site "T#646379Emanuel Laske"]
[Date "2020.05.27"]
[Round "5"]
[White "Mepe_Nika"]
[Black "Eidgenosse"]
[Result "1/2-1/2"]
[WhiteElo "2277"]
[BlackElo "2434"]
[Annotator "RC"]
[PlyCount "139"]
[EventDate "2020.05.27"]
[EventType "swiss (blitz)"]

1. g3 {[%emt 0:00:01]} d6 {[%emt 0:00:00]} 2. Bg2 {[%emt 0:00:00]} Nf6 {[%emt 0:00:00]} 3. c4 {[%emt 0:00:00]} g6 {[%emt 0:00:00]} 4. Nc3 {[%emt 0:00:00]} Bg7 {[%emt 0:00:00]} 5. d3 {[%emt 0:00:00]} O-O {[%emt 0:00:00]} 6. Rb1 {[%emt 0:00:01]} e5 {[%emt 0:00:00]} 7. b4 {[%emt 0:00:01]} Nh5 {[%emt 0:00:01]} 8. b5 {[%emt 0:00:01]} f5 {[%emt 0:00:00]} 9. a4 {[%emt 0:00:01]} f4 {[%emt 0:00:00]} 10. a5 {[%emt 0:00:01]} Kh8 {[%emt 0:00:01]} 11. a6 {[%emt 0:00:02]} c6 {[%emt 0:00:01]} 12. axb7 {[%emt 0:00:02]} Bxb7 {[%emt 0:00:00]} 13. bxc6 {[%emt 0:00:01]} Bxc6 {[%emt 0:00:00]} 14. Nd5 {[%emt 0:00:00]} Nd7 {[%emt 0:00:02]} 15. Nf3 {[%emt 0:00:01]} Ndf6 {[%emt 0:00:02]} 16. Nxf6 {[%emt 0:00:01]} Qxf6 {[%emt 0:00:00]} 17. O-O {[%emt 0:00:01]} Rae8 {[%emt 0:00:03]} 18. Bb2 {[%emt 0:00:01]} Qf5 {[%emt 0:00:02]} 19. Ra1 {[%emt 0:00:04]} Rf7 {[%emt 0:00:06]} 20. Ra6 {[%emt 0:00:01]} Rc7 {[%emt 0:00:03]} 21. Rxc6 {[%emt 0:00:03]} Rxc6 {[%emt 0:00:01]} 22. Nh4 {[%emt 0:00:00]} Qd7 {[%emt 0:00:02]} 23. Bxc6 {[%emt 0:00:01]} Qxc6 {[%emt 0:00:00]} 24. Qb3 {[%emt 0:00:02]} Nf6 {[%emt 0:00:04]} 25. Ra1 {[%emt 0:00:02]} a6 {[%emt 0:00:01]} 26. Nf3 {[%emt 0:00:01]} fxg3 {[%emt 0:00:01]} 27. hxg3 {[%emt 0:00:01]} h6 {[%emt 0:00:02]} 28. Qa4 {[%emt 0:00:01]} Qc8 {[%emt 0:00:02]} 29. Qxa6 {[%emt 0:00:01]} Qe6 {[%emt 0:00:01]} 30. Qb7 {[%emt 0:00:01]} Re7 {[%emt 0:00:02]} 31. Ra8+ {[%emt 0:00:01]} Kh7 {[%emt 0:00:00]} 32. Qb8 {[%emt 0:00:01]} g5 {[%emt 0:00:04]} 33. Nd2 {[%emt 0:00:03]} Ng4 {[%emt 0:00:02]} 34. Ne4 {[%emt 0:00:03]} Nf6 {[%emt 0:00:01]} 35. Nxf6+ {[%emt 0:00:01]} Qxf6 {[%emt 0:00:00]} 36. Qg8+ {[%emt 0:00:01]} Kg6 {[%emt 0:00:00]} 37. Re8 {[%emt 0:00:01]} Qf7 {[%emt 0:00:02]} 38. Qxf7+ {[%emt 0:00:01]} Kxf7 {[%emt 0:00:00]} 39. Rxe7+ {[%emt 0:00:01]} Kxe7 {[%emt 0:00:00]} 40. Kg2 {[%emt 0:00:01]} g4 {[%emt 0:00:00]} 41. f4 {[%emt 0:00:01]} gxf3+ {[%emt 0:00:03]} 42. exf3 {[%emt 0:00:02]} h5 {[%emt 0:00:00]} 43. g4 {[%emt 0:00:01]} hxg4 {[%emt 0:00:02]} 44. fxg4 {[%emt 0:00:00]} Bh6 {[%emt 0:00:00]} 45. Kf3 {[%emt 0:00:00]} Ke6 {[%emt 0:00:00]} 46. Ke4 {[%emt 0:00:01]} Bg5 {[%emt 0:00:00]} 47. d4 {[%emt 0:00:01]} exd4 {[%emt 0:00:01]} 48. Bxd4 {[%emt 0:00:00]} Bh4 {[%emt 0:00:01]} 49. c5 {[%emt 0:00:01]} dxc5 {[%emt 0:00:01]} 50. Bxc5 {[%emt 0:00:00]} Kf6 {[%emt 0:00:00]} 51. Be3 {[%emt 0:00:01]} Kg6 {[%emt 0:00:00]} 52. Kf4 {[%emt 0:00:01]} Bg5+ {[%emt 0:00:01]} 53. Kf3 {[%emt 0:00:00]} Bxe3 {[%emt 0:00:01]} 54. Kxe3 {[%emt 0:00:01]} Kg5 {[%emt 0:00:00]} 55. Kf3 {[%emt 0:00:00]} Kg6 {[%emt 0:00:00]} 56. Kf4 {[%emt 0:00:00]} Kf6 {[%emt 0:00:00]} 57. Kg3 {[%emt 0:00:00]} Kg5 {[%emt 0:00:00]} 58. Kf3 {[%emt 0:00:00]} Kg6 {[%emt 0:00:00]} 59. Kf4 {[%emt 0:00:00]} Kf6 {[%emt 0:00:00]} 60. g5+ {[%emt 0:00:00]} Kg6 {[%emt 0:00:00]} 61. Kg4 {[%emt 0:00:00]} Kg7 {[%emt 0:00:00]} 62. Kf5 {[%emt 0:00:00]} Kf7 {[%emt 0:00:00]} 63. Kg4 {[%emt 0:00:00]} Kg6 {[%emt 0:00:00]} 64. Kf4 {[%emt 0:00:00]} Kg7 {[%emt 0:00:00]} 65. Kf5 {[%emt 0:00:00]} Kf7 {[%emt 0:00:00]} 66. g6+ {[%emt 0:00:00]} Kg7 {[%emt 0:00:00]} 67. Kg5 {[%emt 0:00:00]} Kg8 {[%emt 0:00:00]} 68. Kf6 {[%emt 0:00:01]} Kf8 {[%emt 0:00:00]} 69. g7+ {[%emt 0:00:01]} Kg8 {[%emt 0:00:00]} 70. Kg6 {[%emt 0:00:01] (Lag: Av=0.41s, max=0.7s) .} 1/2-1/2

[Event "178th Stay Safe Play From Home series"]
[Site "T#646379Emanuel Laske"]
[Date "2020.05.27"]
[Round "5"]
[White "Lamborghini"]
[Black "Praveen prasad"]
[Result "1-0"]
[WhiteElo "2216"]
[BlackElo "2345"]
[Annotator "RC"]
[PlyCount "91"]
[EventDate "2020.05.27"]
[EventType "swiss (blitz)"]

1. e4 {[%emt 0:00:02]} d5 {[%emt 0:00:00]} 2. exd5 {[%emt 0:00:01]} Qxd5 {[%emt 0:00:00]} 3. Nc3 {[%emt 0:00:01]} Qd8 {[%emt 0:00:01]} 4. d4 {[%emt 0:00:01]} Nf6 {[%emt 0:00:00]} 5. Bc4 {[%emt 0:00:01]} c6 {[%emt 0:00:00]} 6. Nf3 {[%emt 0:00:01]} Bf5 {[%emt 0:00:00]} 7. Ne5 {[%emt 0:00:02]} e6 {[%emt 0:00:01]} 8. g4 {[%emt 0:00:01]} Be4 {[%emt 0:00:00]} 9. Nxe4 {[%emt 0:00:01]} Nxe4 {[%emt 0:00:00]} 10. Qf3 {[%emt 0:00:00]} Nd6 {[%emt 0:00:01]} 11. Bb3 {[%emt 0:00:02]} Nd7 {[%emt 0:00:01]} 12. Bf4 {[%emt 0:00:01]} Nxe5 {[%emt 0:00:01]} 13. dxe5 {[%emt 0:00:01]} Nb5 {[%emt 0:00:02]} 14. c3 {[%emt 0:00:01]} Qd7 {[%emt 0:00:05]} 15. a4 {[%emt 0:00:01]} Nc7 {[%emt 0:00:02]} 16. Rd1 {[%emt 0:00:01]} Qe7 {[%emt 0:00:02]} 17. Qe3 {[%emt 0:00:02]} h6 {[%emt 0:00:01]} 18. c4 {[%emt 0:00:02]} Qb4+ {[%emt 0:00:06]} 19. Kf1 {[%emt 0:00:01]} Qc5 {[%emt 0:00:01]} 20. Kg2 {[%emt 0:00:02]} Qxe3 {[%emt 0:00:02]} 21. Bxe3 {[%emt 0:00:00]} b6 {[%emt 0:00:03]} 22. f4 {[%emt 0:00:01]} Bc5 {[%emt 0:00:07]} 23. Bc1 {[%emt 0:00:02]} Ke7 {[%emt 0:00:02]} 24. Bc2 {[%emt 0:00:01]} Rhd8 {[%emt 0:00:01]} 25. Be4 {[%emt 0:00:01]} Rxd1 {[%emt 0:00:02]} 26. Rxd1 {[%emt 0:00:00]} a5 {[%emt 0:00:02]} 27. Bxc6 {[%emt 0:00:01]} Rd8 {[%emt 0:00:00]} 28. Rxd8 {[%emt 0:00:02]} Kxd8 {[%emt 0:00:00]} 29. h4 {[%emt 0:00:01]} Ke7 {[%emt 0:00:01]} 30. Be4 {[%emt 0:00:03]} Na6 {[%emt 0:00:03]} 31. Bd2 {[%emt 0:00:02]} Bd4 {[%emt 0:00:01]} 32. b3 {[%emt 0:00:01]} Nc5 {[%emt 0:00:01]} 33. Bc2 {[%emt 0:00:01]} Na6 {[%emt 0:00:01]} 34. f5 {[%emt 0:00:01]} exf5 {[%emt 0:00:02]} 35. Bxf5 {[%emt 0:00:01]} Bxe5 {[%emt 0:00:01]} 36. Bc8 {[%emt 0:00:01]} Nc5 {[%emt 0:00:00]} 37. Be3 {[%emt 0:00:01]} Bd6 {[%emt 0:00:02]} 38. Kf3 {[%emt 0:00:02]} Bc7 {[%emt 0:00:01]} 39. Bf5 {[%emt 0:00:01]} Nxb3 {[%emt 0:00:01]} 40. Be4 {[%emt 0:00:01]} Nc5 {[%emt 0:00:00]} 41. Bd5 {[%emt 0:00:00]} Nxa4 {[%emt 0:00:01]} 42. g5 {[%emt 0:00:00]} Nc5 {[%emt 0:00:00]} 43. h5 {[%emt 0:00:00]} hxg5 {[%emt 0:00:01]} 44. Bxg5+ {[%emt 0:00:00]} f6 {[%emt 0:00:00]} 45. h6 {[%emt 0:00:00]} gxh6 {[%emt 0:00:00]} 46. Bxf6+ {[%emt 0:00:01] Time (Lag: Av=0.88s, max=1.5s) '} 1-0

[Event "178th Stay Safe Play From Home series"]
[Site "T#646379Emanuel Laske"]
[Date "2020.05.27"]
[Round "5"]
[White "BrainThinker22"]
[Black "The Next Contender"]
[Result "1-0"]
[WhiteElo "2212"]
[BlackElo "1888"]
[Annotator "NA"]
[PlyCount "53"]
[EventDate "2020.05.27"]
[EventType "swiss (blitz)"]

1. e4 {[%emt 0:00:01]} d5 {[%emt 0:00:00]} 2. exd5 {[%emt 0:00:01]} Qxd5 {[%emt 0:00:00]} 3. Nf3 {[%emt 0:00:00]} Qa5 {[%emt 0:00:01]} 4. Be2 {[%emt 0:00:00]} c6 {[%emt 0:00:00]} 5. O-O {[%emt 0:00:00]} Bf5 {[%emt 0:00:01]} 6. d4 {[%emt 0:00:00]} e6 {[%emt 0:00:00]} 7. c4 {[%emt 0:00:00]} Nf6 {[%emt 0:00:01]} 8. Nc3 {[%emt 0:00:00]} Be7 {[%emt 0:00:01]} 9. Re1 {[%emt 0:00:00]} O-O {[%emt 0:00:00]} 10. Qb3 {[%emt 0:00:00]} Qc7 {[%emt 0:00:01]} 11. h3 {[%emt 0:00:01]} Nbd7 {[%emt 0:00:01]} 12. Ne5 {[%emt 0:00:00]} Nxe5 {[%emt 0:00:01]} 13. dxe5 {[%emt 0:00:00]} Ne4 {[%emt 0:00:01]} 14. Nxe4 {[%emt 0:00:01]} Bxe4 {[%emt 0:00:00]} 15. Bd3 {[%emt 0:00:00]} Bxd3 {[%emt 0:00:01]} 16. Qxd3 {[%emt 0:00:00]} Rfd8 {[%emt 0:00:01]} 17. Qg3 {[%emt 0:00:01]} Bc5 {[%emt 0:00:02]} 18. Bh6 {[%emt 0:00:01]} Bf8 {[%emt 0:00:02]} 19. Re4 {[%emt 0:00:01]} g6 {[%emt 0:00:02]} 20. Bxf8 {[%emt 0:00:04]} Kxf8 {[%emt 0:00:01]} 21. Rae1 {[%emt 0:00:01]} Rd2 {[%emt 0:00:01]} 22. R4e2 {[%emt 0:00:01]} Rad8 {[%emt 0:00:01]} 23. Qh4 {[%emt 0:00:01]} Kg8 {[%emt 0:00:05]} 24. Qf4 {[%emt 0:00:06]} Qb6 {[%emt 0:00:01]} 25. Rxd2 {[%emt 0:00:02]} Re8 {[%emt 0:00:03]} 26. Rd7 {[%emt 0:00:02]} Qa5 {[%emt 0:00:01]} 27. Qxf7+ {[%emt 0:00:01] The Next Contender resigns (Lag: Av=0.49s, max=0.6s)} 1-0

[Event "178th Stay Safe Play From Home series"]
[Site "T#646379Emanuel Laske"]
[Date "2020.05.27"]
[Round "5"]
[White "Weltszmerc"]
[Black "SoulofWolf"]
[Result "0-1"]
[WhiteElo "2076"]
[BlackElo "2179"]
[Annotator "RC"]
[PlyCount "70"]
[EventDate "2020.05.27"]
[EventType "swiss (blitz)"]

1. d4 {[%emt 0:00:01]} e6 {[%emt 0:00:00]} 2. c4 {[%emt 0:00:00]} Nf6 {[%emt 0:00:00]} 3. Nf3 {[%emt 0:00:00]} h6 {[%emt 0:00:00]} 4. g3 {[%emt 0:00:00]} d5 {[%emt 0:00:00]} 5. Bg2 {[%emt 0:00:00]} Be7 {[%emt 0:00:01]} 6. O-O {[%emt 0:00:00]} O-O {[%emt 0:00:00]} 7. Nbd2 {[%emt 0:00:00]} b6 {[%emt 0:00:01]} 8. cxd5 {[%emt 0:00:02]} exd5 {[%emt 0:00:01]} 9. Ne5 {[%emt 0:00:01]} Bb7 {[%emt 0:00:01]} 10. Qa4 {[%emt 0:00:01]} Nbd7 {[%emt 0:00:02]} 11. Nc6 {[%emt 0:00:01]} Qe8 {[%emt 0:00:01]} 12. Nxe7+ {[%emt 0:00:01]} Qxe7 {[%emt 0:00:00]} 13. e3 {[%emt 0:00:02]} Rfc8 {[%emt 0:00:02]} 14. Nf3 {[%emt 0:00:01]} c6 {[%emt 0:00:01]} 15. b3 {[%emt 0:00:01]} c5 {[%emt 0:00:00]} 16. Ba3 {[%emt 0:00:01]} Bc6 {[%emt 0:00:01]} 17. Qa6 {[%emt 0:00:01]} Nb8 {[%emt 0:00:04]} 18. Qd3 {[%emt 0:00:02]} Bb7 {[%emt 0:00:07]} 19. Rfd1 {[%emt 0:00:02]} Qd8 {[%emt 0:00:03]} 20. Ne5 {[%emt 0:00:03]} Ba6 {[%emt 0:00:01]} 21. Qd2 {[%emt 0:00:03]} Ne4 {[%emt 0:00:01]} 22. Bxe4 {[%emt 0:00:05]} dxe4 {[%emt 0:00:00]} 23. dxc5 {[%emt 0:00:01]} Qxd2 {[%emt 0:00:01]} 24. Rxd2 {[%emt 0:00:00]} bxc5 {[%emt 0:00:00]} 25. Rad1 {[%emt 0:00:02]} Nc6 {[%emt 0:00:01]} 26. Nxc6 {[%emt 0:00:03]} Rxc6 {[%emt 0:00:00]} 27. Rd8+ {[%emt 0:00:01]} Rxd8 {[%emt 0:00:04]} 28. Rxd8+ {[%emt 0:00:00]} Kh7 {[%emt 0:00:00]} 29. Rd1 {[%emt 0:00:08]} Be2 {[%emt 0:00:02]} 30. Rd7 {[%emt 0:00:04]} Bf3 {[%emt 0:00:03]} 31. Rd2 {[%emt 0:00:04]} c4 {[%emt 0:00:01]} 32. Rc2 {[%emt 0:00:04]} c3 {[%emt 0:00:00]} 33. Bb4 {[%emt 0:00:01]} a5 {[%emt 0:00:04]} 34. Bxa5 {[%emt 0:00:02]} Rd6 {[%emt 0:00:03]} 35. Rc1 {[%emt 0:00:00]} c2 {[%emt 0:00:01] Czas partii (Lag: Av=0.74s, max=1.1s)} 0-1

[Event "178th Stay Safe Play From Home series"]
[Site "T#646379Emanuel Laske"]
[Date "2020.05.27"]
[Round "5"]
[White "Lazieri3"]
[Black "Fischer_11"]
[Result "1-0"]
[WhiteElo "2061"]
[BlackElo "1947"]
[Annotator "NA"]
[PlyCount "105"]
[EventDate "2020.05.27"]
[EventType "swiss (blitz)"]

1. e4 {[%emt 0:00:03]} Nf6 {[%emt 0:00:00]} 2. Nc3 {[%emt 0:00:00]} d5 {[%emt 0:00:01]} 3. exd5 {[%emt 0:00:00]} Nxd5 {[%emt 0:00:00]} 4. Nxd5 {[%emt 0:00:00]} Qxd5 {[%emt 0:00:00]} 5. Qf3 {[%emt 0:00:00]} Qxf3 {[%emt 0:00:01]} 6. Nxf3 {[%emt 0:00:00]} Nc6 {[%emt 0:00:00]} 7. d4 {[%emt 0:00:01]} Bg4 {[%emt 0:00:00]} 8. c3 {[%emt 0:00:00]} Bxf3 {[%emt 0:00:03]} 9. gxf3 {[%emt 0:00:00]} e5 {[%emt 0:00:00]} 10. dxe5 {[%emt 0:00:01]} Nxe5 {[%emt 0:00:00]} 11. Be2 {[%emt 0:00:00]} O-O-O {[%emt 0:00:02]} 12. Bf4 {[%emt 0:00:01]} Nd3+ {[%emt 0:00:01]} 13. Bxd3 {[%emt 0:00:01]} Rxd3 {[%emt 0:00:00]} 14. Ke2 {[%emt 0:00:02]} Rd7 {[%emt 0:00:00]} 15. Be3 {[%emt 0:00:01]} Bd6 {[%emt 0:00:01]} 16. Rhd1 {[%emt 0:00:00]} Re8 {[%emt 0:00:01]} 17. h3 {[%emt 0:00:01]} f5 {[%emt 0:00:01]} 18. Kf1 {[%emt 0:00:02]} Re6 {[%emt 0:00:04]} 19. Bd4 {[%emt 0:00:02]} Rh6 {[%emt 0:00:03]} 20. Kg2 {[%emt 0:00:01]} c5 {[%emt 0:00:05]} 21. Be3 {[%emt 0:00:08]} Rg6+ {[%emt 0:00:02]} 22. Kf1 {[%emt 0:00:06]} a6 {[%emt 0:00:01]} 23. b4 {[%emt 0:00:02]} cxb4 {[%emt 0:00:01]} 24. cxb4 {[%emt 0:00:00]} Bxb4 {[%emt 0:00:01]} 25. Rxd7 {[%emt 0:00:00]} Kxd7 {[%emt 0:00:01]} 26. Rc1 {[%emt 0:00:00]} Rc6 {[%emt 0:00:01]} 27. Rd1+ {[%emt 0:00:01]} Rd6 {[%emt 0:00:01]} 28. Rb1 {[%emt 0:00:01]} a5 {[%emt 0:00:04]} 29. a3 {[%emt 0:00:01]} Bxa3 {[%emt 0:00:02]} 30. Rxb7+ {[%emt 0:00:01]} Ke6 {[%emt 0:00:00]} 31. Rxg7 {[%emt 0:00:02]} Rd7 {[%emt 0:00:02]} 32. Rg8 {[%emt 0:00:02]} Bb4 {[%emt 0:00:01]} 33. Re8+ {[%emt 0:00:02]} Re7 {[%emt 0:00:01]} 34. Ra8 {[%emt 0:00:01]} Rc7 {[%emt 0:00:03]} 35. f4 {[%emt 0:00:01]} Rc6 {[%emt 0:00:03]} 36. Kg2 {[%emt 0:00:01]} h6 {[%emt 0:00:01]} 37. Kf3 {[%emt 0:00:01]} Kd5 {[%emt 0:00:01]} 38. Rd8+ {[%emt 0:00:01]} Kc4 {[%emt 0:00:01]} 39. Rf8 {[%emt 0:00:01]} Kb3 {[%emt 0:00:02]} 40. Rxf5 {[%emt 0:00:01]} a4 {[%emt 0:00:00]} 41. Bd4 {[%emt 0:00:01]} a3 {[%emt 0:00:00]} 42. h4 {[%emt 0:00:02]} a2 {[%emt 0:00:01]} 43. Kg4 {[%emt 0:00:01]} Ra6 {[%emt 0:00:01]} 44. Kh5 {[%emt 0:00:01]} Bc3 {[%emt 0:00:01]} 45. Bxc3 {[%emt 0:00:01]} Kxc3 {[%emt 0:00:00]} 46. Rc5+ {[%emt 0:00:01]} Kd2 {[%emt 0:00:00]} 47. Rc6 {[%emt 0:00:01]} a1=Q {[%emt 0:00:01]} 48. Rxa6 {[%emt 0:00:00]} Qxa6 {[%emt 0:00:00]} 49. f5 {[%emt 0:00:01]} Qb5 {[%emt 0:00:00]} 50. Kxh6 {[%emt 0:00:00]} Ke2 {[%emt 0:00:00]} 51. h5 {[%emt 0:00:00]} Qxf5 {[%emt 0:00:00]} 52. Kg7 {[%emt 0:00:00]} Qxf2 {[%emt 0:00:00]} 53. h6 {[%emt 0:00:00] Zeit} 1-0

[Event "178th Stay Safe Play From Home series"]
[Site "T#646379Emanuel Laske"]
[Date "2020.05.27"]
[Round "5"]
[White "Emresenar"]
[Black "Haris kollari 13"]
[Result "1-0"]
[WhiteElo "1725"]
[BlackElo "1619"]
[Annotator "NA"]
[PlyCount "59"]
[EventDate "2020.05.27"]
[EventType "swiss (blitz)"]

1. e4 {[%emt 0:00:02]} e6 {[%emt 0:00:00]} 2. Nc3 {[%emt 0:00:02]} d5 {[%emt 0:00:00]} 3. exd5 {[%emt 0:00:01]} exd5 {[%emt 0:00:00]} 4. Nf3 {[%emt 0:00:01]} c5 {[%emt 0:00:01]} 5. Bb5+ {[%emt 0:00:02]} Nc6 {[%emt 0:00:01]} 6. O-O {[%emt 0:00:01]} d4 {[%emt 0:00:01]} 7. Re1+ {[%emt 0:00:01]} Be7 {[%emt 0:00:01]} 8. Ne4 {[%emt 0:00:01]} Be6 {[%emt 0:00:02]} 9. Bxc6+ {[%emt 0:00:04]} bxc6 {[%emt 0:00:02]} 10. Ne5 {[%emt 0:00:01]} Qc7 {[%emt 0:00:02]} 11. f4 {[%emt 0:00:05]} Nf6 {[%emt 0:00:04]} 12. Ng5 {[%emt 0:00:05]} Nd5 {[%emt 0:00:06]} 13. Nxe6 {[%emt 0:00:02]} fxe6 {[%emt 0:00:02]} 14. Qh5+ {[%emt 0:00:01]} g6 {[%emt 0:00:04]} 15. Nxg6 {[%emt 0:00:03]} Nf6 {[%emt 0:00:01]} 16. Qh6 {[%emt 0:00:10]} Ng4 {[%emt 0:00:05]} 17. Qg7 {[%emt 0:00:05]} hxg6 {[%emt 0:00:06]} 18. Qxh8+ {[%emt 0:00:01]} Bf8 {[%emt 0:00:01]} 19. Rxe6+ {[%emt 0:00:02]} Kd7 {[%emt 0:00:02]} 20. Qh7+ {[%emt 0:00:02]} Kc8 {[%emt 0:00:03]} 21. Qxc7+ {[%emt 0:00:01]} Kxc7 {[%emt 0:00:01]} 22. Rxg6 {[%emt 0:00:01]} Re8 {[%emt 0:00:08]} 23. Rxg4 {[%emt 0:00:01]} Re1+ {[%emt 0:00:01]} 24. Kf2 {[%emt 0:00:00]} Rd1 {[%emt 0:00:00]} 25. d3 {[%emt 0:00:00]} c4 {[%emt 0:00:01]} 26. b3 {[%emt 0:00:00]} c3 {[%emt 0:00:01]} 27. Bb2 {[%emt 0:00:01]} Rd2+ {[%emt 0:00:01]} 28. Kg3 {[%emt 0:00:03]} cxb2 {[%emt 0:00:02]} 29. Kh4 {[%emt 0:00:00]} Rxc2 {[%emt 0:00:01]} 30. Kh5 {[%emt 0:00:00] Time (Lag: Av=0.63s, max=0.9s)} 1-0